[Event "Olympiad-39"]
[Site "Khanty-Mansiysk"]
[Date "2010.09.28"]
[Round "7.4"]
[White "Angulo P, Carlos"]
[Black "Duran Vega, Sergio"]
[Result "0-1"]
[WhiteElo "2210"]
[BlackElo "2156"]
[PlyCount "92"]
[EventDate "2010.09.21"]
[EventType "team-swiss"]
[EventRounds "11"]
[EventCountry "RUS"]
[SourceTitle "CBM 139"]
[Source "ChessBase"]
[SourceDate "2010.11.18"]
[SourceVersion "1"]
[SourceVersionDate "2010.11.18"]
[SourceQuality "1"]
[WhiteTeam "Bolivia"]
[BlackTeam "Costa Rica"]
[WhiteTeamCountry "BOL"]
[BlackTeamCountry "CRI"]

1. e4 c5 2. Nf3 d6 3. d4 cxd4 4. Nxd4 Nf6 5. Nc3 a6 6. Be2 e5 7. Nb3 Be7 8. 0-0 0-0 9. a4 Nc6 10. Be3 Be6 11. Bf3 Nb4 12. Bg5 h6 13. Bh4 Qc7 14. Re1 Rfd8 15. Bg3 d5 16. exd5 Nfxd5 17. Bxe5 Nxc3 18. Bxc7 Rxd1 19. Bxd1 Nxd1 20. Raxd1 Nxc2 21. Rxe6 fxe6 22. Rd2 Nb4 23. Bd6 Bxd6 24. Rxd6 Rc8 25. g3 Rc2 26. Rb6 Nd3 27. Rxb7 e5 28. Rd7 e4 29. f3 Rxb2 30. Nd4 e3 31. Re7 Rb1+ 32. Kg2 Rb2+ 33. Kg1 Rb1+ 34. Kg2 Rb4 35. Ne2 Ne1+ 36. Kh3 Nxf3 37. Rxe3 Ng5+ 38. Kg2 Rxa4 39. Nc3 Ra3 40. h4 Nh7 41. Kf3 h5 42. Nd5 Rxe3+ 43. Kxe3 Nf6 44. Nb4 a5 45. Nc6 a4 46. Kd4 a3 0-1

[Event "Olympiad-39"]
[Site "Khanty-Mansiysk"]
[Date "2010.09.24"]
[Round "4.4"]
[White "Angulo P, Carlos"]
[Black "Gretarsson, Hjorvar Steinn"]
[Result "0-1"]
[WhiteElo "2210"]
[BlackElo "2398"]
[PlyCount "96"]
[EventDate "2010.09.21"]
[EventType "team-swiss"]
[EventRounds "11"]
[EventCountry "RUS"]
[SourceTitle "CBM 139"]
[Source "ChessBase"]
[SourceDate "2010.11.18"]
[SourceVersion "1"]
[SourceVersionDate "2010.11.18"]
[SourceQuality "1"]
[WhiteTeam "Bolivia"]
[BlackTeam "Iceland"]
[WhiteTeamCountry "BOL"]
[BlackTeamCountry "ISL"]

1. e4 c5 2. Nf3 d6 3. d4 cxd4 4. Nxd4 Nf6 5. Nc3 a6 6. f4 e5 7. Nb3 Be7 8. Be2 b5 9. Be3 Nbd7 10. Bf3 Bb7 11. Qd2 Rc8 12. 0-0-0 Qc7 13. Kb1 Nb6 14. Bxb6 Qxb6 15. fxe5 dxe5 16. g4 0-0 17. g5 Ne8 18. Nd5 Bxd5 19. exd5 Nd6 20. Na5 Rfe8 21. Nc6 Nc4 22. Nxe7+ Rxe7 23. Qb4 Qd6 24. Qxd6 Nxd6 25. b3 b4 26. Rhe1 Kf8 27. Be4 h6 28. h4 a5 29. Rd3 Rc5 30. Bg2 f5 31. gxf6 gxf6 32. Rf1 f5 33. Bh3 f4 34. Be6 Kg7 35. h5 Kh7 36. Re1 e4 37. Rd4 f3 38. Rexe4 Nxe4 39. Rxe4 f2 40. Rf4 Rxd5 41. Bxd5 Re1+ 42. Kb2 f1Q 43. Rxf1 Rxf1 44. a3 Kg7 45. axb4 axb4 46. c4 Rf2+ 47. Kc1 Rf5 48. Kd2 Kf6 0-1

[Event "Olympiad-39"]
[Site "Khanty-Mansiysk"]
[Date "2010.09.22"]
[Round "2.4"]
[White "Yang, Ching Wei Austin"]
[Black "Angulo P, Carlos"]
[Result "0-1"]
[WhiteElo "1695"]
[BlackElo "2210"]
[PlyCount "108"]
[EventDate "2010.09.21"]
[EventType "team-swiss"]
[EventRounds "11"]
[EventCountry "RUS"]
[SourceTitle "CBM 139"]
[Source "ChessBase"]
[SourceDate "2010.11.18"]
[SourceVersion "1"]
[SourceVersionDate "2010.11.18"]
[SourceQuality "1"]
[WhiteTeam "Taiwan"]
[BlackTeam "Bolivia"]
[WhiteTeamCountry "TPE"]
[BlackTeamCountry "BOL"]

1. e4 c5 2. Nf3 d6 3. d4 cxd4 4. Nxd4 Nf6 5. Nc3 g6 6. Be3 Bg7 7. f3 0-0 8. Qd2 Nc6 9. 0-0-0 Bd7 10. Bc4 Qa5 11. Kb1 Rfc8 12. Bb3 Ne5 13. h4 h5 14. Bg5 Rxc3 15. Qxc3 Qxc3 16. bxc3 Rc8 17. Kb2 b5 18. Rhf1 a5 19. a3 Nc4+ 20. Bxc4 Rxc4 21. e5 dxe5 22. Nb3 Be6 23. Nxa5 Rc7 24. Rd8+ Kh7 25. Rfd1 e4 26. Nb3 Nd7 27. Nd4 Nc5 28. Kc1 Bc4 29. fxe4 Nxe4 30. Nf3 Be6 31. Re1 f5 32. Bf4 Bh6 33. Ng5+ Bxg5 34. hxg5 Rc8 35. Red1 Kg7 36. Rxc8 Bxc8 37. Rd8 Be6 38. Rb8 Bc4 39. Kb2 Kf7 40. a4 bxa4 41. Rb4 Bf1 42. g3 a3+ 43. Kxa3 Nxc3 44. Rb3 Nd5 45. Rb1 Bg2 46. Rg1 Nxf4 47. gxf4 Be4 48. Re1 h4 49. Re2 h3 50. Rh2 Bg2 51. Kb4 e5 52. Kc5 exf4 53. Kd4 f3 54. Ke3 Ke6 0-1

[Event "Camaguey Juegos del Alba 3rd prelim"]
[Site "Camaguey"]
[Date "2009.04.16"]
[Round "2"]
[White "Angulo P, Carlos"]
[Black "Ostos, Julio Eduardo"]
[Result "1/2-1/2"]
[WhiteElo "2184"]
[BlackElo "2316"]
[PlyCount "116"]
[EventDate "2009.04.15"]
[EventType "team-tourn"]
[EventRounds "5"]
[EventCountry "CUB"]
[SourceTitle "EXT 2019"]
[Source "ChessBase"]
[SourceDate "2018.10.10"]
[SourceVersion "1"]
[SourceVersionDate "2018.10.10"]
[SourceQuality "1"]
[WhiteTeam "Bolivia"]
[BlackTeam "Venezuela"]
[WhiteTeamCountry "BOL"]
[BlackTeamCountry "VEN"]

1. d4 Nf6 2. c4 c5 3. Nf3 g6 4. Nc3 Bg7 5. e4 0-0 6. e5 Ng4 7. h3 cxd4 8. Qxd4 Nxe5 9. Nxe5 d6 10. Nxf7 Bxd4 11. Nxd8 Bxf2+ 12. Ke2 Bb6 13. Bh6 Re8 14. Nxb7 Bxb7 15. Nd5 Bd8 16. Kd2 e6 17. Ne3 Nc6 18. Bd3 Ba5+ 19. Ke2 Nd4+ 20. Kd1 Nf5 21. Bxf5 exf5 22. Rh2 Re4 23. b4 Bb6 24. Kd2 Rae8 25. Re1 a5 26. a3 axb4 27. axb4 Ra8 28. Rhh1 Ra2+ 29. Kd3 Rd4+ 30. Kc3 Rad2 31. c5 Ba6 32. Nc2 R2d3+ 33. Kb2 dxc5 34. Nxd4 Rxd4 35. Re8+ Kf7 36. Rhe1 Rxb4+ 37. Kc3 Rc4+ 38. Kb3 Rb4+ 39. Ka3 Re4 40. R1xe4 fxe4 41. Rxe4 Bb7 42. Re2 c4 43. Kb4 Bd5 44. Bg5 Be6 45. Be3 Bd8 46. Rf2+ Ke8 47. Bc5 h5 48. Kc3 Bh4 49. Re2 Kf7 50. Re4 Bg3 51. Bf2 Bc7 52. Bc5 Kf6 53. Bd4+ Kf5 54. Re2 Bg3 55. Re3 Bf4 56. Re2 Bd5 57. Be3 Be5+ 58. Bd4 Bf4 1/2-1/2